000 00675nam a2200205 i 4500
001 65234
003 ES-MaACL
005 20230906165327.0
007 t|
008 040109s1937 sp ||||1| spa d
100 1 _aFrank, Simón.
_952314
245 1 0 _aPhilosophie de l'Esprit
_b: la connaissance et l'etre /
_cpor Simón Frank ; traduit du russe par Kaffi Oldenbourg et Tedotoff.
260 _aParís :
_b[s.n.,
_c1937] (
_eLiguge :
_fE. Aubin et Fils)
300 _a320 p. ;
_c23 cm.
650 _aOntología.
_915705
650 4 _aEpistemología.
_912338
700 1 _aTedotoff.
_9109512
700 1 _aOldenbourg, Kaffi.
_986691
852 _aES-MaACL
_jF-15151
_bR.18817
999 _c65234
_d65234